00712nam a2200253 a 4500001001300000003000900013005001700022008004100039020001000080082001500090100002000105245004300125260003000168300000800198500003500206505001300241650002200254650001900276700002000295902000800315942000700323952011500330999001300445nice12345678IN_TiNIC20260116011328.0050524s1962 leia grp 000 0 eng  ac10000a297.7bARA aArasteh, A Reza aEducation and Social Awakening in Iran aLeidenbE. J. Brillc1962 a19p aincludes index and biblioraphy2 aAppendix aIslamic-Education aEducation-Iran1 aArasteh, A Reza bSRS cBK 001040708StackRoom-aHMIbHMId2007-07-11g100.00l0o297.7 ARAp02646r2007-07-11v100.00w2005-05-24yBK c554d554